000
00280nam a22001217a 4500
008
171017b xxu||||| |||| 00| 0 eng d
041
_a
eng
080
_2
8TH
_a
330.101.542
100
_a
52
101
_a
MIK
245
_a
INTERMEDIATE MICROECONOMICS
_c
VARIAN,H.R
942
_2
udc
_c
BK
999
_c
34445
_d
34445